00645nam a22001692 4500001001100000005001700011008004100028020002700069040001500096100003200111245014900143260004200292300001700334650005400351700003400405700003600439000000602220151217152011.0070912s xx 000 0 eng d a007533210 :cKES 2,400 aKABUcKABU1 aPande, Peter S.@000015737414aThe Six sigma way :bhow GE, Motorola and other top companies are honing their performance /cPeter Pande, Robert P. Neuman, Roland R. Cavanagh. aNew Delhi :bTata McGraw-Hill,c2000. axxiv, 422 p. 0aQuality controlxStatistical methods.@00001565041 aNeuman, Robert P.@00001573751 aCavanagh, Roland R.@0000157376